MARC details
| 000 -LEADER |
| fixed length control field |
02268cad a22003495a 4500 |
| 001 - CONTROL NUMBER |
| control field |
L146475 |
| 008 - FIXED-LENGTH DATA ELEMENTS--GENERAL INFORMATION |
| fixed length control field |
090123s2009 xxk v 000 0 eng d |
| 035 ## - SYSTEM CONTROL NUMBER |
| System control number |
(Sirsi) u146475 |
| 041 0# - LANGUAGE CODE |
| Language code of text/sound track or separate title |
eng |
| 100 1# - MAIN ENTRY--PERSONAL NAME |
| Personal name |
Buckingham, Paul |
| 245 04 - TITLE STATEMENT |
| Title |
The effective use of experts and expert witnesses |
| Medium |
[electronic resource] |
| 260 ## - PUBLICATION, DISTRIBUTION, ETC. |
| Place of publication, distribution, etc. |
[S.l.] |
| Name of publisher, distributor, etc. |
Mondaq |
| Date of publication, distribution, etc. |
2009 |
| 520 ## - SUMMARY, ETC. |
| Summary, etc. |
Seeks to identify the main differences between the role played by construction professionals in dispute resolution. Describes the role of an expert in the process of expert determination, and then considers the role of expert witnesses in providing opinion evidence to help the tribunal reach its decision (whether by litigation or arbitration). Concludes that experts play an important part in the dispute resolution process and that when selecting and appointing an expert, parties should make sure they find someone with the relevant expertise and knowledge. |
| 590 ## - LOCAL NOTE (RLIN) |
| Local note |
KA |
| 650 24 - SUBJECT ADDED ENTRY--TOPICAL TERM |
| Topical term or geographic name entry element |
ACADEMY OF EXPERTS CODE OF PRACTICE (2005) |
| 650 24 - SUBJECT ADDED ENTRY--TOPICAL TERM |
| Topical term or geographic name entry element |
EPI ENVIRONMENTAL TECHNOLOGIES V SYMPHONY PLASTIC TECHNOLOGIES |
| 650 24 - SUBJECT ADDED ENTRY--TOPICAL TERM |
| Topical term or geographic name entry element |
GARETH PEARCE V OVE ARUP PARTNERSHIP LTD, MR KOOLHAAS, CITY OF ROTTERD |
| 650 24 - SUBJECT ADDED ENTRY--TOPICAL TERM |
| Topical term or geographic name entry element |
GREAT EASTERN HOTEL COMPANY LTD V JOHN LAING CONSTRUCTION LTD |
| 650 24 - SUBJECT ADDED ENTRY--TOPICAL TERM |
| Topical term or geographic name entry element |
LONDON UNDERGROUND LTD V KENCHINGTON FORD PLC (HARRIS & SUTHERLAND LTD, THIRD PARTY) |
| 650 24 - SUBJECT ADDED ENTRY--TOPICAL TERM |
| Topical term or geographic name entry element |
NATIONAL JUSTICE COMPANIA V PRUDENTIAL ASSURANCE CO LTD |
| 650 24 - SUBJECT ADDED ENTRY--TOPICAL TERM |
| Topical term or geographic name entry element |
OWEN PELL LTD V BINDI (LONDON) LTD |
| 650 24 - SUBJECT ADDED ENTRY--TOPICAL TERM |
| Topical term or geographic name entry element |
SKANSKA CONSTRUCTION UK LTD V EGGER (BARONY) LTD |
| 650 24 - SUBJECT ADDED ENTRY--TOPICAL TERM |
| Topical term or geographic name entry element |
SPE INTERNATIONAL V PROFESSIONAL PREPARATION CONTRACTORS (UK) LTD |
| 650 24 - SUBJECT ADDED ENTRY--TOPICAL TERM |
| Topical term or geographic name entry element |
SUDBROOK TRADING LTD V EGGLETON |
| 650 24 - SUBJECT ADDED ENTRY--TOPICAL TERM |
| Topical term or geographic name entry element |
THE CIVIL JUSTICE COUNCIL PROTOCOL FOR THE INSTRUCTION OF EXPERTS TO GIVE EVIDENCE IN CIVIL CLAIMS (2005) |
| 650 24 - SUBJECT ADDED ENTRY--TOPICAL TERM |
| Topical term or geographic name entry element |
THE INSTITUTION OF CHEMICAL ENGINEERS RULES FOR EXPERT DETERMINATION (2001) |
| 650 24 - SUBJECT ADDED ENTRY--TOPICAL TERM |
| Topical term or geographic name entry element |
URSA MAJOR MANAGEMENT LTD. V. UNITED UTILITIES ELECTRICITY PLC |
| 651 #4 - SUBJECT ADDED ENTRY--GEOGRAPHIC NAME |
| Geographic name |
United Kingdom |
| Chronological subdivision |
|
| 690 ## - LOCAL SUBJECT ADDED ENTRY--TOPICAL TERM (OCLC, RLIN) |
| Topical term or geographic name as entry element |
MANAGEMENT-DISPUTE AVOIDANCE, MANAGEMENT AND RESOLUTION-DISPUTE MANAGEMENT AND RESOLUTION-EXPERT WITNESSES |
| 856 40 - ELECTRONIC LOCATION AND ACCESS |
| Uniform Resource Identifier |
<a href="https://www.mondaq.com/article.asp?articleid=71864">https://www.mondaq.com/article.asp?articleid=71864</a> |
| Public note |
View the article free of charge (after registration) at www.mondaq.com... |
| 942 ## - ADDED ENTRY ELEMENTS (KOHA) |
| Suppress in OPAC |
0 |